00466nam a2200181Ia 450000500170000000800410001702000230005804000190008104100120010008200160011210000180012824500550014626000230020130000150022450400200023965000140025985000110027320240425133123.0131103s9999 xx 000 0 und d a8176257729cRs.750 aLoreto College aEnglish a371.3 bAGG aAggarwal, D D aEducational Administration in India cD D Aggarwal aDelhibSarupc2007 avii,302p.  aIncludes index aEducation aLCBED